Desatero budování firemní image
Doporučenia združenia Rhodos, ktoré v Českej republike udeľuje ocenenie za firemný imidž, ako budovať firemný imidž. Dôležitosť prvého dojmu. Správne vybrané kľúčové slová. Dobre zapamätateľné meno. Princíp kontinuity. Úprimnosť v komunikácii. Informácie a spätná väzba. Prínosy a náklady.
Salvato in:
| Natura: | Capitolo di libro |
|---|---|
| Lingua: | ceco |
| Soggetti: | |
| Tags: |
Nessun Tag, puoi essere il primo ad aggiungerne!!
|
MARC
| LEADER | 00000naa$a2200000$$$4500 | ||
|---|---|---|---|
| 001 | 0056300 | ||
| 005 | 20231018130445.4 | ||
| 041 | 0 | |a cze | |
| 044 | |a CZ | ||
| 245 | 1 | 0 | |a Desatero budování firemní image |
| 520 | |a Doporučenia združenia Rhodos, ktoré v Českej republike udeľuje ocenenie za firemný imidž, ako budovať firemný imidž. Dôležitosť prvého dojmu. Správne vybrané kľúčové slová. Dobre zapamätateľné meno. Princíp kontinuity. Úprimnosť v komunikácii. Informácie a spätná väzba. Prínosy a náklady. | ||
| 610 | 2 | 0 | |a podnik |
| 610 | 2 | 0 | |a identita podniková |
| 610 | 2 | 0 | |a imidž |
| 610 | 2 | 0 | |a značky výrobkov |
| 610 | 2 | 0 | |a marketing |
| 610 | 2 | 0 | |a zákazníci |
| 610 | 2 | 0 | |a konkurencia |
| 610 | 2 | 0 | |a komunikácia |
| 610 | 2 | 0 | |a väzba spätná |